Vista normal Vista MARC

Entrada Personal Name

Número de registros utilizados en: 1

001 - CONTROL NUMBER

  • control field: 7552

003 - CONTROL NUMBER IDENTIFIER

  • control field: OSt

005 - DATE AND TIME OF LATEST TRANSACTION

  • control field: 20200718151852.0

008 - FIXED-LENGTH DATA ELEMENTS

  • fixed length control field: 200718|| aca||aabn | a|a d

040 ## - CATALOGING SOURCE

  • Original cataloging agency: OSt
  • Transcribing agency: OSt

100 ## - HEADING--PERSONAL NAME

  • Personal name: Ortega, Juan José

670 ## - SOURCE DATA FOUND

  • Source citation: Work cat.: (OSt)4385: Larsson, Stieg, 1954-2004 autor 7548, Los hombres que no amaban a las mujeres /, ©2010